| 000 | 00793nam a2200217 i 4500 | ||
|---|---|---|---|
| 001 | 68471 | ||
| 003 | ES-MaACL | ||
| 005 | 20230906170307.0 | ||
| 007 | t| | ||
| 008 | 960804s1881 sp ||||1| spa d | ||
| 040 |
_aCAM _bspa _cCAM |
||
| 100 | 1 |
_aGarcía de Torres, Juan. _954497 |
|
| 245 | 1 | 3 |
_aEl arriendo de los tabacos filipinos / _cpor Juan García de Torres. |
| 260 |
_aMadrid : _b[s.n.], _c1881 ( _fEst. tip. Montoya y Compañía) |
||
| 300 |
_a[4], 171 p. ; _c24 cm. |
||
| 530 | _aDisponible también en sitio web. | ||
| 650 | 4 |
_aEstanco del tabaco- _zFilipinas. _9153067 |
|
| 852 |
_aES-MaACL _jT-552-F-8 |
||
| 852 |
_aES-MaACL _jT-1287-F-2 |
||
| 856 |
_uhttp://bibliotecadigitalhispanica.bne.es:80/webclient/DeliveryManager?pid=1883388&custom_att_2=simple_viewer _zIr a la página |
||
| 999 |
_c68471 _d68471 |
||